=LDR 00000nam 2200000 4500 =001 000663 =005 20250712025508 =035 ##$$a 0010-0725000531 =007 ta =008 250712################a##########0#ind## =020 ##$$a 978-623-472-299-4 =082 ##$$a 398.209 598 =100 #$$a Strydom, Fres =245 1#$$a Mimpiku yang ada di dalam laci /$c Fres Strydom =250 ##$$a Pertama =260 ##$$a Jakarta :$b Badan pengembangan dan pembinaan,$c 2022 =300 ##$$a 24hlm. : $b ilus. ; $c 22,9 cm =650 #4$$a Cerita anak Indonesia terjemahan =650 #4$$a Literasi bahan bacaan =700 #$$a Megan Lotter =084 ##$$a 398.209 598 STR m =990 ##$$a TBM202400438